000 004520000a22001690004500
041 0 _aSPA
082 0 4 _aG 266.0092 B3652p
100 1 _aBeach, H. P. (1854-1933)
245 1 0 _aPrincipes de piedad / H. P. Beach ; Sara A. Hale, Traductor
260 _aEl Paso, TX., USA : Verdad
300 _a140 Pag
001 7394
942 _cBK
999 _c37609
_d37609
336 _atexto
_btxt
_2rdacontent
337 _2rdamedia
_asin mediación
_bn
338 _2rdacarrier
_avolumen
_bnc